书目信息 |
| 题名: |
北非史
|
|
| 作者: | 朱利安 著 ;上海新闻出版系统五七干校翻译组 译 | |
| 分册: | 第二卷 从阿拉伯人征服至1830年 | |
| 出版信息: | 上海 上海人民出版社 1974.04 |
|
| 页数: | 372页 | |
| 开本: | 20cm | |
| 丛书名: | ||
| 单 册: | ||
| 中图分类: | K41 | |
| 科图分类: | ||
| 主题词: | 北非--历史 | |
| 电子资源: | ||
| ISBN: | ||
| 000 | 01050nam0 2200265 45 | |
| 001 | 0212171486 | |
| 005 | 20031219104102.4 | |
| 010 | @dCNY2.30 | |
| 091 | @a11171.41 | |
| 100 | @a20021217d1974 km y0chiy0120 ea | |
| 101 | 0 | @achi |
| 105 | @a z 001yy | |
| 200 | 1 | @a北非史@ABei Fei Shi@e突尼斯、阿尔及尼亚、摩洛哥@ETu Ni Si、A Er Ji Ni Ya、Mo Luo Ge@h第二卷@h下册@i从阿拉伯人征服至1830年@f(法)夏尔—安德烈·朱 利安著@F(Fa)Xia Er—An De Lie·Zhu Li An Zhu@g上海新闻出版系统五七干校翻译组译 |
| 210 | @a上海@c上海人民出版社@d1974.04 | |
| 215 | @a372页@d20cm | |
| 300 | @a内部读物 | |
| 300 | @a本书根据苏联外国书籍出版社1961年俄文译本译出 | |
| 517 | @a突尼斯、阿尔及尼亚、摩洛哥@ATu Ni Si、A Er Ji Ni Ya、Mo Luo Ge | |
| 517 | @a从阿拉伯人征服至1830年@ACong A La Bo Ren Zheng Fu Zhi 1830 Nian | |
| 606 | 0 | @a北非@x历史 |
| 690 | @aK41@v3 | |
| 701 | 0 | @a朱利安@4著 |
| 712 | 02 | @a上海新闻出版系统五七干校翻译组@AShang Hai Xin Wen Chu Ban Xi Tong Wu Qi Gan Xiao Fan Yi Zu@4译 |
| 801 | @aCN@bTSTC@c20021217 | |
| 905 | @dK41@e2:2(2)@f1@b219171 | |
| 北非史:突尼斯、阿尔及尼亚、摩洛哥.第二卷.下册.从阿拉伯人征服至1830年/(法)夏尔—安德烈·朱 利安著/上海新闻出版系统五七干校翻译组译.-上海:上海人民出版社,1974.04 |
| 372页;20cm |
| 内部读物.-本书根据苏联外国书籍出版社1961年俄文译本译出 |
| ISBN :CNY2.30 |
| ● |
| 相关链接 |
|
|
|
|
正题名:北非史
索取号:K41/2:2(2)
 
预约/预借
| 序号 | 登录号 | 条形码 | 馆藏地/架位号 | 状态 | 备注 |
| 1 | 0219171 | 001737080 | 第二样本阅览室/ [索取号:K41/2:2(2)] | 在馆 |